| 000 | 00788nam a2200277Ia 4500 | ||
|---|---|---|---|
| 003 | OSt | ||
| 005 | 20221006142357.0 | ||
| 006 | a|||||r|||| 00| 0 | ||
| 007 | ta | ||
| 008 | 221006b |||||||| |||| 00| 0 eng d | ||
| 020 |
_a0824806697 _c _6.50 |
||
| 024 | _a6,220 | ||
| 037 | _cTextual | ||
| 040 |
_aEASL _cEASL _beng |
||
| 041 |
_2eng _aeng |
||
| 082 | _aO42,3L89,1, M0 | ||
| 100 |
_aSAIKAKU Ihara _9647551 |
||
| 245 | 0 | _aTales of Japanese justice | |
| 260 |
_aHonolulu _bUniversitu of Hawaii _c1980 |
||
| 300 |
_a100p. _ccm. |
||
| 490 | _v JEL | ||
| 700 |
_a KONDO Thomas M Tr. _9647552 |
||
| 700 |
_a MARKS Alfred H Tr. _9647553 |
||
| 942 |
_hO42,3L89,1, M0 _cTEXL _2CC |
||
| 999 |
_c1074306 _d1074306 |
||